Gesammelte Werke

Kaydedildi:
Detaylı Bibliyografya
Yazar: Scheler, Max (Yazar)
Materyal Türü: Kitap
Dil:Almanca
Baskı/Yayın Bilgisi: Berna A. Francke 1966
Edisyon:5a. ed
Konular:
Etiketler: Etiketle
Etiket eklenmemiş, İlk siz ekleyin!

MARC

LEADER 00000nam a2200000 a 4500
001 UCZ4525
003 CL-VaPUC
008 951110e19660000SZ |||||||||||||||||ger|d
082 0 4 |a 193  |b SCH  |2 21 
100 0 |a Scheler, Max  |e author  |9 311258 
245 1 0 |a Gesammelte Werke 
250 |a 5a. ed 
300 |a v 
942 |c BK 
945 |d 19951110 00:00:00  |a cmena 
260 |a Berna  |b A. Francke  |c 1966 
500 |a v.2: Der Formalismus in der Ethik und Die Materiale Wertethik 
500 |a v.5: Vom Ewigen in Menschen 
650 0 |a Filosofía alemana   |9 265002 
650 0 |a Fenomenología  |9 256519 
650 0 |a Axiología  |9 334895 
650 0 |a Ética  |9 255099 
650 0 |a Valores morales   |9 310604 
650 0 |a Religión   |9 255164 
650 0 |a Filosofía cristiana   |9 265980 
583 |a last modification  |c 19951110 00:00:00  |k Rodrigo Vera 
999 |c 240897  |d 240895 
952 |0 0  |1 0  |4 0  |6 193_000000000000000_SCH_1966  |7 0  |8 P  |9 252999  |a BIBEDU  |b BIBEDU  |d 2019-11-19  |h v.2  |i 1598953  |o 193 SCH 1966  |p 1598953  |r 2025-01-22  |w 2019-11-19  |y BK  |k FIL 
952 |0 0  |1 0  |4 0  |6 193_000000000000000_SCH_1966  |7 0  |8 P  |9 253000  |a BIBEDU  |b BIBEDU  |d 2019-11-19  |h v.5  |i 1598716  |o 193 SCH 1966  |p 1598716  |r 2025-01-22  |w 2019-11-19  |y BK  |k FIL